[Event "Bayerische EM 2022 - Allgemeine Gruppe"]
[Site "Rosenheim"]
[Date "2022.08.24"]
[Round "5.11"]
[White "Stöttner, Lukas"]
[Black "Löw, Gerald"]
[Result "1-0"]
[WhiteElo "1972"]
[BlackElo "2153"]
[PlyCount "81"]
[EventDate "2022.??.??"]
[WhiteTeam "SK Landau-Dingolfing"]
[BlackTeam "TSV Bindlach Aktionär"]

1. e4 d5 2. exd5 Nf6 3. Nf3 Nxd5 4. d4 g6 5. c4 Nb6 6. Nc3 Bg7 7. h3 O-O 8. Be2
c5 9. d5 e6 10. d6 Nc6 11. Be3 Nd4 12. Nxd4 cxd4 13. Bxd4 Qxd6 14. Bxg7 Qxd1+
15. Rxd1 Kxg7 16. c5 Nd7 17. b4 a5 18. a3 axb4 19. axb4 Ra3 20. Kd2 Ne5 21. Kc2
g5 22. Kb2 Ra8 23. Bb5 f6 24. Na4 Kf7 25. Nb6 Ra7 26. Ra1 Rxa1 27. Rxa1 Rd8 28.
Ra8 Rd2+ 29. Kc3 Rxf2 30. Rxc8 Rxg2 31. Rc7+ Kg6 32. Rxb7 Rg3+ 33. Kc2 Nf3 34.
Ba4 Nd4+ 35. Kb2 Kf5 36. Rxh7 Rg2+ 37. Kc3 Ke4 38. b5 Rg3+ 39. Kb4 Rg1 40. c6
Rb1+ 41. Ka5 1-0

[Event "Bayerische EM 2022 - Allgemeine Gruppe"]
[Site "Rosenheim"]
[Date "2022.08.24"]
[Round "5.12"]
[White "Bruss, Robert"]
[Black "Böhme, Markus"]
[Result "0-1"]
[WhiteElo "1845"]
[BlackElo "2170"]
[PlyCount "48"]
[EventDate "2022.??.??"]
[WhiteTeam "SV Altensittenbach"]
[BlackTeam "SC Uttenreuth"]

1. d4 Nf6 2. c4 e6 3. Nc3 Bb4 4. e3 O-O 5. Bd2 c5 6. Nf3 b6 7. Bd3 Bb7 8. O-O
d6 9. a3 Bxc3 10. Bxc3 Ne4 11. Be1 f5 12. Qc2 Qf6 13. Nd2 Nxd2 14. Bxd2 cxd4
15. exd4 Qxd4 16. Be3 Qf6 17. f4 Nd7 18. b4 Qe7 19. Rfc1 Rac8 20. Qa4 Rc7 21.
Rc3 Nf6 22. Rac1 Ng4 23. Bb1 Qh4 24. h3 Qg3 0-1

[Event "Bayerische EM 2022 - Allgemeine Gruppe"]
[Site "Rosenheim"]
[Date "2022.08.24"]
[Round "5.13"]
[White "Brunner, Tobias"]
[Black "Wagner, Tizian"]
[Result "1-0"]
[WhiteElo "2050"]
[BlackElo "1806"]
[PlyCount "77"]
[EventDate "2022.??.??"]
[WhiteTeam "SC Windischeschenbach"]
[BlackTeam "SV Seubelsdorf"]

1. e4 c5 2. Nc3 Nc6 3. g3 g6 4. Bg2 Bg7 5. d3 Nf6 6. f4 O-O 7. Nf3 d5 8. e5 Ne8
9. O-O f6 10. exf6 Nxf6 11. Ne5 e6 12. Nxc6 bxc6 13. Na4 Qd6 14. Rb1 Nd7 15.
Be3 Ba6 16. Qe1 c4 17. Qa5 Bb5 18. Nc3 Rfb8 19. a4 a6 20. d4 Nb6 21. Ra1 Bf6
22. axb5 axb5 23. Qxb6 Rxa1 24. Qxb8+ Qxb8 25. Rxa1 b4 26. Ne2 c5 27. Bh3 Kf7
28. dxc5 Bxb2 29. Ra6 Qb5 30. Rb6 Qa5 31. Bxe6+ Kf8 32. c6 Qa7 33. Bc5+ Ke8 34.
Rb5 Qa1+ 35. Kg2 Be5 36. fxe5 Qxe5 37. Nd4 Qe4+ 38. Kh3 Qe5 39. Rb7 1-0

[Event "Bayerische EM 2022 - Allgemeine Gruppe"]
[Site "Rosenheim"]
[Date "2022.08.24"]
[Round "5.14"]
[White "Straub, Jürgen"]
[Black "Sesselmann, Christoph"]
[Result "1/2-1/2"]
[WhiteElo "2126"]
[BlackElo "1880"]
[PlyCount "76"]
[EventDate "2022.??.??"]
[WhiteTeam "TSV Ingolstadt Nord"]
[BlackTeam "SK Kulmbach"]

1. Nf3 Nf6 2. g3 g6 3. b3 Bg7 4. Bb2 d5 5. Bg2 c5 6. O-O O-O 7. c4 d4 8. b4 Nc6
9. b5 Na5 10. d3 Re8 11. Nbd2 Qc7 12. e4 e5 13. Nh4 b6 14. h3 Nh5 15. Bf3 Bxh3
16. Bxh5 Bxf1 17. Nxf1 gxh5 18. Qxh5 Nb7 19. Nh2 Re6 20. N2f3 Nd6 21. Nf5 Nxf5
22. exf5 Rh6 23. Qg4 Kh8 24. Ng5 f6 25. Ne4 Qf7 26. Kg2 Rg8 27. Bc1 Bf8 28. Qf3
Rh4 29. Bd2 Be7 30. Rg1 Qh5 31. Qxh5 Rxh5 32. f3 Kg7 33. g4 Kf7 34. Kg3 Bf8 35.
Kf2 Rh2+ 36. Kg3 Rh5 37. Kf2 Rh2+ 38. Kg3 Rh5 1/2-1/2

[Event "Bayerische EM 2022 - Allgemeine Gruppe"]
[Site "Rosenheim"]
[Date "2022.08.24"]
[Round "5.15"]
[White "Biedenkopf, Philipp"]
[Black "Sandner, Michael"]
[Result "1/2-1/2"]
[WhiteElo "1746"]
[BlackElo "2089"]
[PlyCount "136"]
[EventDate "2022.??.??"]
[WhiteTeam "SK Passau"]
[BlackTeam "SG Traunstein/Traunreut"]

1. d4 Nf6 2. c4 c5 3. d5 b5 4. cxb5 a6 5. bxa6 g6 6. Nc3 Bxa6 7. e4 Bxf1 8.
Kxf1 d6 9. g3 Bg7 10. Kg2 O-O 11. Nf3 Nbd7 12. a4 Ra6 13. Qc2 Qa8 14. Rd1 Rb8
15. Ra3 Ne8 16. Bg5 Kf8 17. Nd2 Nc7 18. Nc4 Nb6 19. Nxb6 Raxb6 20. b3 Na6 21.
Nb5 Nb4 22. Qc1 R8b7 23. Bh6 Bxh6 24. Qxh6+ Kg8 25. Raa1 Qb8 26. h4 Qf8 27.
Qxf8+ Kxf8 28. h5 Na6 29. Rd3 Nc7 30. Nxc7 Rxc7 31. hxg6 hxg6 32. Rc3 Rb4 33.
Kf3 Kg7 34. Ke3 Rcb7 35. Ra3 f5 36. exf5 gxf5 37. a5 Re4+ 38. Kf3 Rd4 39. a6
Ra7 40. Ra5 Kf6 41. Ke3 Ke5 42. Rd3 f4+ 43. Kd2 fxg3 44. fxg3 Rxd3+ 45. Kxd3
Kxd5 46. b4 Kc6 47. bxc5 dxc5 48. Kc4 Kb6 49. Ra2 e6 50. g4 e5 51. Kd5 e4 52.
Kxe4 Re7+ 53. Kf5 Ka7 54. g5 Re1 55. Rg2 Kxa6 56. g6 Re8 57. Rb2 Ka5 58. g7 c4
59. Kf6 Ka4 60. Kf7 Rc8 61. Rb6 Rc7+ 62. Kf8 Rxg7 63. Kxg7 c3 64. Kf6 c2 65.
Rc6 Kb3 66. Ke5 Kb2 67. Rb6+ Ka2 68. Ra6+ Kb2 1/2-1/2

[Event "Bayerische EM 2022 - Allgemeine Gruppe"]
[Site "Rosenheim"]
[Date "2022.08.24"]
[Round "5.16"]
[White "Ritzka, Simon"]
[Black "Sesselmann, Moritz"]
[Result "1-0"]
[WhiteElo "2057"]
[BlackElo "1704"]
[PlyCount "119"]
[EventDate "2022.??.??"]
[WhiteTeam "SC Roter Turm Altstadt"]
[BlackTeam "SK Kulmbach"]

1. c4 e5 2. Nc3 Bb4 3. e4 Bxc3 4. dxc3 Nf6 5. f3 d6 6. g3 Be6 7. Nh3 h6 8. Be3
Qd7 9. Nf2 Qc6 10. Qd3 Nbd7 11. b3 Nb6 12. Qc2 a5 13. a4 Nfd7 14. Nd3 f5 15. c5
dxc5 16. Nxc5 O-O-O 17. Bb5 Qd6 18. Rd1 Qe7 19. Nxe6 Qxe6 20. exf5 Qf7 21.
Bxd7+ Nxd7 22. O-O Rdf8 23. g4 h5 24. h3 hxg4 25. hxg4 Rh3 26. Kg2 Rfh8 27. Rh1
Rxh1 28. Rxh1 Rxh1 29. Kxh1 Qd5 30. Kg2 Nc5 31. c4 Qd6 32. Bxc5 Qxc5 33. Qd3 b6
34. g5 Qe7 35. Qe3 Qd6 36. Kg3 Kd8 37. Kg4 Qd4+ 38. Qe4 Ke7 39. Kg3 Qg1+ 40.
Kh4 Qd4 41. Kh5 Qd6 42. f4 Kd7 43. Qd5 Qxd5 44. cxd5 e4 45. Kg4 Kd6 46. f6 gxf6
47. g6 f5+ 48. Kxf5 e3 49. g7 e2 50. g8=Q e1=Q 51. Qe6+ Qxe6+ 52. dxe6 Ke7 53.
Ke5 c5 54. f5 b5 55. f6+ Ke8 56. axb5 c4 57. b6 Kd8 58. b7 Kc7 59. e7 cxb3 60.
b8=Q+ 1-0

[Event "Bayerische EM 2022 - Allgemeine Gruppe"]
[Site "Rosenheim"]
[Date "2022.08.24"]
[Round "5.17"]
[White "Steinhauer, Artur"]
[Black "Bunk, Wolfgang"]
[Result "1-0"]
[WhiteElo "1920"]
[BlackElo "2011"]
[PlyCount "75"]
[EventDate "2022.??.??"]
[WhiteTeam "SC Bavaria Regensburg von 1881"]
[BlackTeam "SC Bavaria Regensburg von 1881"]

1. e4 c5 2. Nf3 Nc6 3. d4 cxd4 4. Nxd4 Nf6 5. Nc3 e5 6. Ndb5 d6 7. Bg5 a6 8.
Na3 b5 9. Nd5 Be7 10. Bxf6 Bxf6 11. c3 O-O 12. h4 g6 13. g3 Bg7 14. Bg2 Rb8 15.
Nc2 a5 16. a3 Ba6 17. b4 a4 18. O-O Kh8 19. Qd3 f5 20. Rad1 f4 21. Ne1 Rf7 22.
Nf3 h6 23. Bh3 Bc8 24. Bxc8 Qxc8 25. Kg2 Bf8 26. c4 Bg7 27. cxb5 Nd8 28. Rc1
Qb7 29. b6 Ne6 30. Qb5 Rbf8 31. Qc6 Qxc6 32. Rxc6 fxg3 33. fxg3 Kh7 34. Nd2
Rxf1 35. Nxf1 Rd8 36. Nfe3 Bf8 37. Nc4 Rd7 38. Nf6+ 1-0

[Event "Bayerische EM 2022 - Allgemeine Gruppe"]
[Site "Rosenheim"]
[Date "2022.08.24"]
[Round "5.18"]
[White "Gode, Gero"]
[Black "Redzepovic, Irfan"]
[Result "0-1"]
[WhiteElo "1754"]
[BlackElo "2108"]
[PlyCount "82"]
[EventDate "2022.??.??"]
[WhiteTeam "SK Mering"]
[BlackTeam "SW Nürnberg Süd"]

1. d4 Nf6 2. Nf3 e6 3. e3 d5 4. Bd3 c5 5. b3 Nc6 6. Bb2 cxd4 7. exd4 Bd7 8. O-O
Rc8 9. Nbd2 Nb4 10. Ne5 Nxd3 11. Nxd3 Bb5 12. c4 dxc4 13. bxc4 Bxc4 14. Qa4+ b5
15. Qc2 Bxa2 16. Qxc8 Qxc8 17. Rxa2 Bd6 18. Rc1 Qb8 19. h3 O-O 20. Nc5 Qa8 21.
Rca1 Bb8 22. Nf3 Rc8 23. Na6 Bd6 24. Nc5 Rc7 25. Bc3 Nd5 26. Ba5 Re7 27. Bd2 f6
28. Ra6 Qb8 29. Rc6 Bxc5 30. Rxc5 b4 31. Rac1 Kf7 32. Rb1 Qb6 33. Ne1 Rb7 34.
Nd3 a5 35. Nb2 Qa6 36. Ra1 Qe2 37. Nc4 Ra7 38. Re1 Qd3 39. Nd6+ Kg6 40. Nb5
Qxd2 41. Rxe6 Re7 0-1

[Event "Bayerische EM 2022 - Allgemeine Gruppe"]
[Site "Rosenheim"]
[Date "2022.08.24"]
[Round "5.19"]
[White "Luhn, Robert"]
[Black "Rosenboom, Niko"]
[Result "0-1"]
[WhiteElo "1989"]
[BlackElo "1678"]
[PlyCount "68"]
[EventDate "2022.??.??"]
[WhiteTeam "SK Caissa Augsburg"]
[BlackTeam "SGem Fürth"]

1. d4 d5 2. Nf3 Nf6 3. c4 e6 4. Nc3 Be7 5. Bg5 h6 6. Bh4 O-O 7. e3 c5 8. cxd5
cxd4 9. exd4 Nxd5 10. Bg3 a6 11. Rc1 Nc6 12. Bd3 Bf6 13. Bb1 Nxc3 14. bxc3 b5
15. Qd3 g6 16. h4 h5 17. a3 Re8 18. O-O e5 19. Qe4 Bf5 20. Qxc6 Re6 21. Qc5 Be7
22. Bxf5 gxf5 23. Qxe5 Rxe5 24. dxe5 Bxa3 25. Rcd1 Qe7 26. Nd4 f4 27. Bxf4 Qxh4
28. g3 Qg4 29. Kg2 Bb2 30. Rd3 Rc8 31. Bd2 Qe4+ 32. Rf3 Bxc3 33. Bxc3 Rxc3 34.
Rd1 b4 0-1

[Event "Bayerische EM 2022 - Allgemeine Gruppe"]
[Site "Rosenheim"]
[Date "2022.08.24"]
[Round "5.20"]
[White "Weiß, Thomas"]
[Black "Duong, Quang Bach"]
[Result "1-0"]
[WhiteElo "1970"]
[BlackElo "1525"]
[PlyCount "109"]
[EventDate "2022.??.??"]
[WhiteTeam "DJK-Regensburg Nord"]
[BlackTeam "SK Nürnberg"]

1. Nf3 d5 2. g3 Nf6 3. Bg2 e6 4. O-O Be7 5. d3 O-O 6. Nbd2 Nc6 7. e4 e5 8. exd5
Nxd5 9. Re1 Bf6 10. Nc4 Re8 11. Nfd2 g6 12. Ne4 Bg7 13. Bg5 f6 14. Bd2 Nb6 15.
Na5 Nxa5 16. Bxa5 c6 17. Bb4 Nd5 18. Ba3 Bf8 19. Bxf8 Rxf8 20. Qd2 Kg7 21. Rad1
Bg4 22. Rb1 Qb6 23. c4 Ne7 24. c5 Qc7 25. d4 exd4 26. Qxd4 Bf5 27. Rbd1 Bxe4
28. Qxe4 Rf7 29. b4 Rd8 30. Qc4 Rxd1 31. Rxd1 Nf5 32. Qd3 Qe5 33. Be4 Ne7 34.
Qd4 Qe6 35. a4 Nf5 36. Qd3 Re7 37. Bxf5 Qxf5 38. Qxf5 gxf5 39. f3 Kg6 40. Kf2
a6 41. Rd4 Kg5 42. h4+ Kh5 43. Rd6 Kg6 44. Rd8 Kh5 45. Rd4 Kg6 46. Rf4 Re5 47.
Rd4 Re7 48. Rd6 Kg7 49. h5 Kf7 50. Kg2 Kg7 51. Kh3 h6 52. g4 fxg4+ 53. Kxg4 Kf7
54. f4 Re6 55. Rd7+ 1-0

[Event "Bayerische EM 2022 - Allgemeine Gruppe"]
[Site "Rosenheim"]
[Date "2022.08.24"]
[Round "5.21"]
[White "Höller, Armin"]
[Black "Donegani, Peter"]
[Result "0-1"]
[WhiteElo "2045"]
[BlackElo "2040"]
[PlyCount "68"]
[EventDate "2022.??.??"]
[WhiteTeam "SK Weilheim"]
[BlackTeam "SG Traunstein/Traunreut"]

1. c4 e5 2. g3 Nf6 3. Bg2 d5 4. cxd5 Nxd5 5. Nc3 Nb6 6. Nf3 Nc6 7. O-O Be7 8.
a3 Be6 9. b4 O-O 10. d3 a5 11. b5 Nd4 12. Rb1 f6 13. Nxd4 exd4 14. Na4 Nd5 15.
Bb2 c5 16. bxc6 b5 17. Bxd4 bxa4 18. Qxa4 Qd6 19. Rfc1 Qxa3 20. Qb5 Nc7 21. Qb7
Rfc8 22. Ba7 a4 23. d4 Qd6 24. e4 Re8 25. Bb6 Na6 26. c7 a3 27. d5 Bd7 28. Bf1
a2 29. Ra1 Qa3 30. Bc4 Bc5 31. Bxa2 Qb2 32. d6+ Kf8 33. c8=Q Qxf2+ 34. Kh1 Qf3#
0-1

[Event "Bayerische EM 2022 - Allgemeine Gruppe"]
[Site "Rosenheim"]
[Date "2022.08.24"]
[Round "6.1"]
[White "Kocak, Ediz"]
[Black "Schulz, Lukas"]
[Result "0-1"]
[WhiteElo "2080"]
[BlackElo "2271"]
[PlyCount "66"]
[EventDate "2022.??.??"]
[WhiteTeam "SGem Fürth"]
[BlackTeam "SC Erlangen"]

1. d4 Nf6 2. Nf3 g6 3. Bf4 Bg7 4. h3 O-O 5. e3 d6 6. c3 Nbd7 7. Bh2 e6 8. Nbd2
Qe7 9. Bc4 e5 10. dxe5 dxe5 11. e4 Ne8 12. a4 Nd6 13. Ba2 Nc5 14. O-O Bd7 15.
Bd5 a5 16. Nc4 Nxc4 17. Bxc4 Rfd8 18. Qc2 Bc6 19. Rfe1 Kh8 20. Bd5 Bxd5 21.
exd5 f6 22. c4 e4 23. Rad1 f5 24. Nd4 Rd7 25. Nb5 c6 26. Nc3 Nd3 27. Re2 Qc5
28. Qb3 Rc8 29. Kf1 cxd5 30. Nxd5 Bd4 31. Rxd3 exd3 32. Qxd3 Qxc4 33. Re8+ Kg7
0-1

[Event "Bayerische EM 2022 - Allgemeine Gruppe"]
[Site "Rosenheim"]
[Date "2022.08.24"]
[Round "6.2"]
[White "Albert, Markus"]
[Black "Vuckovic, Zarko"]
[Result "0-1"]
[WhiteElo "2024"]
[BlackElo "2286"]
[PlyCount "57"]
[EventDate "2022.??.??"]
[WhiteTeam "SC Ansbach"]
[BlackTeam "SF Augsburg"]

1. e4 c5 2. Nf3 Nc6 3. Bb5 g6 4. O-O Bg7 5. Re1 Nf6 6. c3 O-O 7. h3 Qb6 8. Bf1
e5 9. Na3 d5 10. d3 h6 11. g3 Be6 12. Bg2 Rfe8 13. Qe2 Qc7 14. Nd2 Rad8 15. Qf3
d4 16. c4 Qd7 17. Kh2 Nh7 18. g4 Bf6 19. Qg3 Qe7 20. Nf3 Ng5 21. Ng1 Bc8 22.
Rf1 Kg7 23. Ne2 Ne6 24. Nc2 Bh4 25. Qf3 Rd6 26. Ng3 Bg5 27. Rg1 Bf4 28. Kh1 Qh4
29. Ne2 0-1

[Event "Bayerische EM 2022 - Allgemeine Gruppe"]
[Site "Rosenheim"]
[Date "2022.08.24"]
[Round "6.3"]
[White "Miller, Eduard"]
[Black "Kleibel, Uwe"]
[Result "1-0"]
[WhiteElo "2353"]
[BlackElo "2183"]
[PlyCount "59"]
[EventDate "2022.??.??"]
[WhiteTeam "SC Erlangen"]
[BlackTeam "SC Bavaria Regensburg von 1881"]

1. e4 e5 2. f4 exf4 3. Nf3 Nf6 4. e5 Nh5 5. Qe2 Be7 6. d4 d5 7. Nc3 O-O 8. Bd2
Nc6 9. O-O-O Bg4 10. Qf2 g6 11. a3 Qd7 12. Bd3 Nd8 13. h3 Bxf3 14. Qxf3 c6 15.
g4 fxg3 16. Bh6 Ne6 17. Bxf8 Bxf8 18. Ne2 b5 19. Kb1 a5 20. Nxg3 Nxg3 21. Qxg3
b4 22. a4 b3 23. cxb3 Rb8 24. Bf5 Rb4 25. Bxe6 fxe6 26. h4 Qb7 27. Ka2 c5 28.
dxc5 Bxc5 29. h5 Qg7 30. Rc1 1-0

[Event "Bayerische EM 2022 - Allgemeine Gruppe"]
[Site "Rosenheim"]
[Date "2022.08.24"]
[Round "6.4"]
[White "Reimann, Sebastian"]
[Black "Michalek, Michal"]
[Result "1/2-1/2"]
[WhiteElo "2252"]
[BlackElo "2153"]
[PlyCount "96"]
[EventDate "2022.??.??"]
[WhiteTeam "SK Kriegshaber"]
[BlackTeam "1.FC Marktleuthen"]

1. e4 c6 2. Nc3 d5 3. Nf3 Bg4 4. h3 Bxf3 5. Qxf3 e6 6. d3 Nd7 7. Qg3 Ne7 8. Be2
g6 9. O-O Bg7 10. a4 a5 11. f4 Qc7 12. Qh4 f5 13. e5 d4 14. Nb1 Nd5 15. c3 dxc3
16. bxc3 O-O 17. Kh1 Rf7 18. Bd2 Nc5 19. Qf2 Bf8 20. Be3 b6 21. Rd1 Rd7 22. Bf3
Rad8 23. Bxd5 Rxd5 24. Bxc5 Bxc5 25. d4 Bf8 26. Qa2 c5 27. Na3 cxd4 28. Nb5 Qd7
29. Rxd4 Bc5 30. Rxd5 Qxd5 31. Qxd5 Rxd5 32. Nc7 Rd3 33. Nxe6 Bf2 34. g4 Rxc3
35. Rd1 Bc5 36. gxf5 gxf5 37. Ng5 h6 38. Rd8+ Kg7 39. Rd7+ Kg6 40. Ne6 Rxh3+
41. Kg2 Ra3 42. Rg7+ Kh5 43. Kf1 Rxa4 44. Ke2 Ra3 45. Rf7 Kg4 46. Rg7+ Kh5 47.
Rf7 Kg4 48. Rg7+ Kh5 1/2-1/2

[Event "Bayerische EM 2022 - Allgemeine Gruppe"]
[Site "Rosenheim"]
[Date "2022.08.24"]
[Round "6.5"]
[White "Lohvinov, Petro"]
[Black "Stöttner, Moritz"]
[Result "1-0"]
[WhiteElo "2232"]
[BlackElo "1906"]
[PlyCount "49"]
[EventDate "2022.??.??"]
[WhiteTeam "SK München Südost"]
[BlackTeam "SK Landau-Dingolfing"]

1. e4 c5 2. Nf3 d6 3. d4 cxd4 4. Qxd4 Nc6 5. Qe3 g6 6. Be2 Bg7 7. O-O Nf6 8. h3
O-O 9. Rd1 Nd7 10. Nc3 Nc5 11. a3 Bd7 12. Rb1 a5 13. Bd2 Qb8 14. Nd5 b5 15. Bc3
f6 16. Nd4 Nxd4 17. Nxe7+ Kf7 18. Bxd4 Kxe7 19. Bxc5 dxc5 20. Qxc5+ Ke8 21.
Rxd7 Kxd7 22. Bxb5+ Kd8 23. Rd1+ Qd6 24. Rxd6+ Ke7 25. Qc7# 1-0

[Event "Bayerische EM 2022 - Allgemeine Gruppe"]
[Site "Rosenheim"]
[Date "2022.08.24"]
[Round "6.6"]
[White "Brunner, Tobias"]
[Black "Kolb, Tobias"]
[Result "0-1"]
[WhiteElo "2050"]
[BlackElo "2355"]
[PlyCount "48"]
[EventDate "2022.??.??"]
[WhiteTeam "SC Windischeschenbach"]
[BlackTeam "SC Bamberg"]

1. e4 c6 2. d4 d5 3. Nc3 dxe4 4. Nxe4 Nf6 5. Nxf6+ exf6 6. Bc4 Bd6 7. Nf3 O-O
8. O-O Bg4 9. Be3 Nd7 10. a4 Nb6 11. Bb3 Nd5 12. Re1 Re8 13. Bd2 Qd7 14. c4 Nf4
15. Be3 Qf5 16. Bxf4 Qxf4 17. Qd2 Qxd2 18. Nxd2 Bb4 19. Rxe8+ Rxe8 20. Nf1 Re2
21. Bd1 Re1 22. f3 Bf5 23. Kf2 Bd3 24. Ne3 Bd2 0-1

[Event "Bayerische EM 2022 - Allgemeine Gruppe"]
[Site "Rosenheim"]
[Date "2022.08.24"]
[Round "6.7"]
[White "Bratu, Mircea"]
[Black "Niedermeier, Thomas"]
[Result "0-1"]
[WhiteElo "1684"]
[BlackElo "2253"]
[PlyCount "62"]
[EventDate "2022.??.??"]
[WhiteTeam "SG Schwabing München"]
[BlackTeam "SV Ilmmünster"]

1. d4 e6 2. c4 f5 3. g3 Nf6 4. Bg2 Be7 5. Nf3 O-O 6. O-O d6 7. Nc3 Ne4 8. Qc2
Nxc3 9. Qxc3 a5 10. Re1 Nc6 11. b3 e5 12. a3 Bf6 13. e3 Qe8 14. Bb2 Qh5 15.
Rad1 f4 16. exf4 exf4 17. Qd2 Bg4 18. d5 Ne5 19. Nxe5 Bxd1 20. Nd7 Bxb2 21.
Nxf8 Bxa3 22. Qxd1 Qxd1 23. Rxd1 Rxf8 24. Re1 Bc5 25. g4 f3 26. Bh3 g5 27. Re4
a4 28. bxa4 Ra8 29. Re6 Kf7 30. Rh6 Kg7 31. Rh5 h6 0-1

[Event "Bayerische EM 2022 - Allgemeine Gruppe"]
[Site "Rosenheim"]
[Date "2022.08.24"]
[Round "6.8"]
[White "Stöttner, Lukas"]
[Black "Schmid, Roland"]
[Result "1/2-1/2"]
[WhiteElo "1972"]
[BlackElo "2233"]
[PlyCount "53"]
[EventDate "2022.??.??"]
[WhiteTeam "SK Landau-Dingolfing"]
[BlackTeam "Post Regensburg"]

1. e4 d6 2. d4 Nf6 3. Nc3 e5 4. Nge2 exd4 5. Nxd4 Be7 6. g3 Nc6 7. Nxc6 bxc6 8.
Bg2 O-O 9. O-O Nd7 10. b3 Bf6 11. Bb2 Rb8 12. Qd2 Ne5 13. Rab1 Bb7 14. Kh1 c5
15. f4 Nd7 16. Rbd1 Bd4 17. Na4 Bxb2 18. Nxb2 f6 19. Rfe1 Re8 20. Nc4 Re7 21.
e5 Bxg2+ 22. Qxg2 Qe8 23. Na5 Re6 24. Nc6 Rb6 25. f5 Nxe5 26. fxe6 Qxc6 27. Re2
1/2-1/2

[Event "Bayerische EM 2022 - Allgemeine Gruppe"]
[Site "Rosenheim"]
[Date "2022.08.24"]
[Round "6.9"]
[White "Böhme, Markus"]
[Black "Hinterreiter, Markus"]
[Result "0-1"]
[WhiteElo "2170"]
[BlackElo "2119"]
[PlyCount "112"]
[EventDate "2022.??.??"]
[WhiteTeam "SC Uttenreuth"]
[BlackTeam "TSV Trostberg"]

1. d4 Nf6 2. Nf3 d5 3. c4 c6 4. Nc3 a6 5. c5 Nbd7 6. Bf4 Nh5 7. Bd2 Nhf6 8. Qc2
g6 9. g3 Bg7 10. Bg2 O-O 11. O-O Ne8 12. e4 dxe4 13. Nxe4 Ndf6 14. Nc3 Nc7 15.
h3 Nb5 16. Be3 Bf5 17. Qc1 Nd5 18. Rd1 Nxe3 19. Qxe3 Qd7 20. a4 Nc7 21. Ne5 Qe6
22. g4 Bc2 23. Rd2 Bb3 24. Ne2 g5 25. Be4 Bd5 26. Bf5 Qh6 27. Ra3 Rad8 28. Nc3
e6 29. Be4 f6 30. Nd3 f5 31. Nxd5 Nxd5 32. Bxd5 exd5 33. Rb3 Rde8 34. Ne5 Re7
35. Qg3 fxg4 36. hxg4 Rf4 37. Re3 Bxe5 38. dxe5 Rxa4 39. Rd1 Qg6 40. Qf3 Qe6
41. Kf1 Rf4 42. Qh1 Qxg4 43. Rdd3 Qf5 44. Rd2 Re4 45. Rf3 Qxe5 46. Qh6 Rf4 47.
Rg3 Rf5 48. Kg2 Qf4 49. Rc2 Re1 50. f3 d4 51. Rf2 Qe5 52. f4 Qd5+ 53. Rff3 Re6
54. Qh3 Rg6 55. Qh5 d3 56. Rh3 gxf4+ 0-1

[Event "Bayerische EM 2022 - Allgemeine Gruppe"]
[Site "Rosenheim"]
[Date "2022.08.24"]
[Round "6.10"]
[White "Böhme, Sebastian"]
[Black "Ritzka, Simon"]
[Result "1-0"]
[WhiteElo "2198"]
[BlackElo "2057"]
[PlyCount "77"]
[EventDate "2022.??.??"]
[WhiteTeam "SC Erlangen"]
[BlackTeam "SC Roter Turm Altstadt"]

1. e4 e6 2. d4 d5 3. Nc3 Nf6 4. e5 Nfd7 5. f4 c5 6. Nf3 Nc6 7. Be3 a6 8. Ne2
cxd4 9. Nexd4 Nxd4 10. Bxd4 Qc7 11. c3 Nc5 12. Be2 Bd7 13. a4 Be7 14. O-O O-O
15. a5 Bb5 16. Nd2 Rae8 17. b4 Bxe2 18. Qxe2 Nd7 19. Rfc1 Nb8 20. Nb3 Nc6 21.
Bb6 Qc8 22. Nc5 f6 23. Nd3 Qd7 24. Rd1 fxe5 25. fxe5 Rf5 26. Rf1 Ref8 27. Bc5
Qc8 28. Bxe7 Nxe7 29. Nc5 Nc6 30. Rxf5 Rxf5 31. Nd3 Ne7 32. Rc1 Ng6 33. Qe3 Qc4
34. Qd4 Nf4 35. Nxf4 Rxf4 36. Qe3 Re4 37. Qa7 d4 38. Qa8+ Kf7 39. Qxb7+ 1-0

[Event "Bayerische EM 2022 - Allgemeine Gruppe"]
[Site "Rosenheim"]
[Date "2022.08.24"]
[Round "6.11"]
[White "Monninger, Moritz"]
[Black "Steinhauer, Artur"]
[Result "1/2-1/2"]
[WhiteElo "2071"]
[BlackElo "1920"]
[PlyCount "158"]
[EventDate "2022.??.??"]
[WhiteTeam "SK Herzogenaurach"]
[BlackTeam "SC Bavaria Regensburg von 1881"]

1. d4 d5 2. c4 c6 3. cxd5 cxd5 4. Nc3 Nf6 5. Bf4 Nc6 6. e3 a6 7. Bd3 Bg4 8.
Nge2 e6 9. Rc1 Bd6 10. Bxd6 Qxd6 11. Qb3 O-O 12. Ng3 b5 13. h3 Bh5 14. Nxh5
Nxh5 15. O-O Rfc8 16. Qd1 Nf6 17. Qd2 Qd8 18. Ne2 Qa5 19. Rc3 Qb6 20. Rfc1 Ne7
21. Rc5 Rc6 22. Qb4 Qb7 23. Qb3 Nd7 24. Rxc6 Nxc6 25. Bxh7+ Kh8 26. Bb1 Rc8 27.
Qd1 Nf6 28. Nf4 g6 29. Nd3 Na5 30. b3 Ne4 31. Nc5 Qc6 32. Qf3 Kg7 33. Qf4 Nf6
34. Qe5 Nb7 35. g4 Qd6 36. Qxd6 Nxd6 37. f3 Kh6 38. h4 Nd7 39. Nd3 Rxc1+ 40.
Nxc1 g5 41. hxg5+ Kxg5 42. Kf2 f5 43. gxf5 exf5 44. Nd3 Nb6 45. Nf4 Kf6 46. Kg3
Nf7 47. Nd3 Nd6 48. Kf4 a5 49. Nc1 Nd7 50. Bc2 Nf8 51. Nd3 Ne6+ 52. Kg3 b4 53.
Nf4 Nc7 54. Bd3 Kg5 55. Be2 Nf7 56. Nd3 Nd6 57. Ne5 Ne6 58. Nc6 f4+ 59. exf4+
Nxf4 60. Kf2 Nf5 61. Ba6 Ne6 62. Bc8 Nexd4 63. Nxa5 Ne7 64. Ke3 Nb5 65. Bd7 Nc3
66. Nc6 Nxc6 67. Bxc6 Nxa2 68. Bxd5 Kf5 69. Be4+ Kg5 70. f4+ Kg4 71. f5 Kg5 72.
Kd4 Kf6 73. Bc2 Nc3 74. Kc4 Na2 75. Kc5 Ke5 76. Kc6 Nc1 77. Kd7 Kf6 78. Kd6
Nxb3 79. Bxb3 Kxf5 1/2-1/2

[Event "Bayerische EM 2022 - Allgemeine Gruppe"]
[Site "Rosenheim"]
[Date "2022.08.24"]
[Round "6.12"]
[White "Vuckovic, Robert"]
[Black "Weiß, Thomas"]
[Result "0-1"]
[WhiteElo "1846"]
[BlackElo "1970"]
[PlyCount "68"]
[EventDate "2022.??.??"]
[WhiteTeam "SF Augsburg"]
[BlackTeam "DJK-Regensburg Nord"]

1. e4 c5 2. Nc3 Nc6 3. d3 g6 4. Be3 d6 5. Qd2 Bg7 6. g3 Rb8 7. Bg2 b5 8. f4 Nd4
9. Nd1 b4 10. c3 bxc3 11. bxc3 Nb5 12. Ne2 Nf6 13. Nf2 O-O 14. O-O Ng4 15. Nxg4
Bxg4 16. Bf3 Bxf3 17. Rxf3 Qa5 18. e5 dxe5 19. Bxc5 Nd4 20. Nxd4 exd4 21. Bb4
Qb6 22. Kg2 a5 23. Ba3 dxc3 24. Qc2 Rb7 25. Re1 Rfb8 26. f5 gxf5 27. Rxf5 Qc6+
28. Kh3 Qh6+ 29. Kg4 Qg6+ 30. Rg5 Rb4+ 31. Bxb4 Rxb4+ 32. Re4 f5+ 33. Kh4 Qh6+
34. Rh5 Bf6+ 0-1

[Event "Bayerische EM 2022 - Allgemeine Gruppe"]
[Site "Rosenheim"]
[Date "2022.08.24"]
[Round "6.13"]
[White "Löw, Gerald"]
[Black "Bruss, Robert"]
[Result "1-0"]
[WhiteElo "2153"]
[BlackElo "1845"]
[PlyCount "45"]
[EventDate "2022.??.??"]
[WhiteTeam "TSV Bindlach Aktionär"]
[BlackTeam "SV Altensittenbach"]

1. c4 c6 2. e4 d5 3. exd5 cxd5 4. cxd5 Nf6 5. Nc3 Nbd7 6. Bc4 Nb6 7. Qb3 g6 8.
d3 Bg7 9. Nge2 O-O 10. O-O Ng4 11. h3 Ne5 12. Be3 Bd7 13. Rac1 e6 14. dxe6
Nbxc4 15. exf7+ Kh8 16. dxc4 Be6 17. Rfd1 Qc8 18. Nd5 Rxf7 19. Bd4 Qb8 20. Qe3
Qd6 21. f4 Nc6 22. Bxg7+ Rxg7 23. Nb6 1-0

[Event "Bayerische EM 2022 - Allgemeine Gruppe"]
[Site "Rosenheim"]
[Date "2022.08.24"]
[Round "6.14"]
[White "Rosenboom, Niko"]
[Black "Straub, Jürgen"]
[Result "1/2-1/2"]
[WhiteElo "1678"]
[BlackElo "2126"]
[PlyCount "91"]
[EventDate "2022.??.??"]
[WhiteTeam "SGem Fürth"]
[BlackTeam "TSV Ingolstadt Nord"]

1. e4 e6 2. Nf3 c5 3. d4 cxd4 4. Nxd4 Nc6 5. Nc3 Qc7 6. Qd3 a6 7. Nxc6 bxc6 8.
Qg3 Qxg3 9. hxg3 Bc5 10. g4 d5 11. Bd3 d4 12. Na4 Ba7 13. Bf4 Ke7 14. Bc7 Nf6
15. g5 Ne8 16. Bb6 e5 17. a3 Be6 18. b4 Bxb6 19. Nxb6 Ra7 20. Kd2 a5 21. c3
dxc3+ 22. Kxc3 Nd6 23. f3 Rb8 24. Nc4 Nb5+ 25. Kd2 Bxc4 26. Bxc4 Rd7+ 27. Kc2
Nd6 28. Kc3 Nxc4 29. Kxc4 Rd4+ 30. Kc3 axb4+ 31. axb4 Rdxb4 32. Rxh7 Rb3+ 33.
Kc4 g6 34. Ra4 R8b7 35. Kc5 Rc3+ 36. Rc4 Rxc4+ 37. Kxc4 Rb2 38. Rh2 Kd6 39. Rh7
Rc2+ 40. Kb4 c5+ 41. Kb5 Ke6 42. Rh2 c4 43. Kb4 f6 44. gxf6 Kxf6 45. Rh3 Rxg2
46. Kxc4 1/2-1/2